书目信息 |
| 题名: |
现在, 发现你的优势
|
|
| 作者: | 白金汉, , 克利夫顿, 著 ;方晓光 译 | |
| 分册: | ||
| 出版信息: | 北京 中国青年出版社 2002 |
|
| 页数: | 279页 | |
| 开本: | 21cm | |
| 丛书名: | ||
| 单 册: | ||
| 中图分类: | F270 | |
| 科图分类: | ||
| 主题词: | 企业管理 | |
| 电子资源: | ||
| ISBN: | 7-5006-4819-7 | |
| 000 | 01182nam0 2200313 4500 | |
| 001 | 192004002847 | |
| 005 | 20070912104154.50 | |
| 010 | @a7-5006-4819-7@dCNY28.00 | |
| 100 | @a20070601d2002 ekmy0chiy0121 ea | |
| 101 | 1 | @achi@ceng |
| 102 | @aCN@b110000 | |
| 105 | @ay a 000yy | |
| 200 | 1 | @a现在, 发现你的优势@Axian zai, fa xian ni de you shi@f马库斯·白金汉, 唐纳德·克利夫顿著@d= Now,Discover Your Strengths@fMarcus Bukingham, Donald O.Clifton@g方晓光译@zeng |
| 210 | @a北京@c中国青年出版社@d2002 | |
| 215 | @a279页@d21cm | |
| 300 | @a全球超级畅销书 | |
| 300 | @a其他题名:现在发现你的优势 | |
| 300 | @a并列题名:Now Discover Your Strengths | |
| 320 | @a有书目 (第276-277页) | |
| 330 | @a本书不仅深入浅出地洞察才干墨迹优势的过程,而且提供独一无二的个人优势网上测试。 | |
| 510 | 1 | @aNow Discover Your Strengths@zeng |
| 517 | 1 | @a现在发现你的优势@Axian zai fa xian ni de you shi |
| 606 | 0 | @a企业管理 |
| 690 | @aF270@v4 | |
| 701 | 1 | @a白金汉,@Abai jin han@bM.@g(Bukingham, Marcus)@e美@4著 |
| 701 | 1 | @a克利夫顿,@Ake li fu du@bD. O.@g(Clifton, Donald O.)@e美@4著 |
| 702 | 0 | @a方晓光@Afang xiao guang@4译 |
| 801 | 0 | @aCN@c20070912 |
| 905 | @dF270@eB122 | |
| 现在, 发现你的优势/马库斯·白金汉, 唐纳德·克利夫顿著= Now,Discover Your Strengths/Marcus Bukingham, Donald O.Clifton/方晓光译.-北京:中国青年出版社,2002 |
| 279页;21cm |
| 全球超级畅销书.-其他题名:现在发现你的优势.-并列题名:Now Discover Your Strengths |
| ISBN 7-5006-4819-7:CNY28.00 |
| 本书不仅深入浅出地洞察才干墨迹优势的过程,而且提供独一无二的个人优势网上测试。 |
| ● |
| 相关链接 |
|
|
|
正题名:现在, 发现你的优势
索取号:F270/B122
 
预约/预借
| 序号 | 登录号 | 条形码 | 馆藏地/架位号 | 状态 | 备注 |
| 1 | 622023 | 206220230 | 社科库409/409社科库 82排2列1层/ [索取号:F270/B122] | 在馆 | |
| 2 | 622024 | 206220249 | 社科库409/409社科库 82排2列1层/ [索取号:F270/B122] | 在馆 | |
| 3 | 622025 | 206220258 | 社科库409/409社科库 82排2列1层/ [索取号:F270/B122] | 在馆 | |
| 4 | 622026 | 206220267 | 社科库409/409社科库 82排2列1层/ [索取号:F270/B122] | 在馆 |